[Event "ROM-ch U20 Girls"]
[Site "Baile Tusnad"]
[Date "2000.05.07"]
[Round "5"]
[White "Miron, Oana"]
[Black "Rendi, Eva"]
[Result "1-0"]
[WhiteElo "2030"]
[BlackElo "2081"]
[PlyCount "89"]
[EventDate "2000.05.??"]
[EventType "swiss"]
[EventRounds "9"]
[EventCountry "ROU"]
[SourceTitle "EXT 2004"]
[Source "ChessBase"]
[SourceDate "2003.11.25"]
[SourceVersion "1"]
[SourceVersionDate "2003.11.25"]
[SourceQuality "1"]

1. d4 Nf6 2. Nf3 g6 3. c4 Bg7 4. Nc3 0-0 5. e4 d6 6. Be2 Nbd7 7. 0-0 e5 8. d5 Nc5 9. Qc2 a5 10. Re1 Ne8 11. Bg5 Qd7 12. Qc1 f5 13. exf5 gxf5 14. Be3 Na6 15. Ng5 Qe7 16. f4 Nf6 17. fxe5 dxe5 18. Bf3 Nc5 19. Qd2 e4 20. Be2 Nfd7 21. Nh3 Ne5 22. Bg5 Qf7 23. Nf4 h6 24. Bh4 Ng4 25. h3 Nf6 26. Qe3 b6 27. Rad1 Bb7 28. Qg3 Rad8 29. Nb5 Ba6 30. Nd4 Bc8 31. Nc6 Rd6 32. Ne5 Qe8 33. Bxf6 Rfxf6 34. Nh5 Rg6 35. Nxg6 Rxg6 36. Qxc7 Be5 37. d6 Nd7 38. c5 bxc5 39. Rf1 Bd4+ 40. Kh1 Rg5 41. Bc4+ Kh8 42. Nf4 Bxb2 43. Ne6 Rh5 44. Rb1 Be5 45. Nd8 1-0

[Event "ROM-ch U20 Girls"]
[Site "Baile Tusnad"]
[Date "2000.05.03"]
[Round "1"]
[White "Calotescu, Ana Cristina"]
[Black "Miron, Oana"]
[Result "1-0"]
[WhiteElo "2176"]
[BlackElo "2030"]
[PlyCount "103"]
[EventDate "2000.05.??"]
[EventType "swiss"]
[EventRounds "9"]
[EventCountry "ROU"]
[SourceTitle "EXT 2004"]
[Source "ChessBase"]
[SourceDate "2003.11.25"]
[SourceVersion "1"]
[SourceVersionDate "2003.11.25"]
[SourceQuality "1"]

1. Nf3 g6 2. c4 f5 3. g3 Nf6 4. Bg2 d6 5. d4 Bg7 6. b3 0-0 7. 0-0 c6 8. Bb2 Ne4 9. Nc3 Na6 10. a3 Nc7 11. Rc1 Qe8 12. e3 Nxc3 13. Bxc3 Bd7 14. Rc2 Rd8 15. Qa1 h6 16. Ne1 Qf7 17. Nd3 Rde8 18. a4 Ne6 19. f4 Nc7 20. Qa3 Rb8 21. Rfc1 Ne8 22. c5 Be6 23. cxd6 exd6 24. b4 Bd5 25. Bxd5 Qxd5 26. Qa2 Nf6 27. b5 Qxa2 28. Rxa2 Nd5 29. Bd2 Rfe8 30. Kf2 c5 31. dxc5 dxc5 32. Nxc5 Nf6 33. Kf3 Bf8 34. h3 Bd6 35. g4 Re7 36. Rac2 b6 37. Nb3 Ne4 38. Rc8+ Rxc8 39. Rxc8+ Kf7 40. Bc1 Re8 41. Rxe8 Kxe8 42. gxf5 gxf5 43. Nd4 Nc5 44. Nxf5 Bf8 45. Bb2 Nxa4 46. Bd4 Kf7 47. e4 Nc5 48. Bxc5 bxc5 49. Ne3 Ke6 50. e5 Kf7 51. f5 Ke7 52. Ke4 1-0

[Event "ROM-ch sf U18 Girls"]
[Site "Eforie Nord"]
[Date "2000.??.??"]
[Round "?"]
[White "Miron, Oana"]
[Black "Vladila, Liana"]
[Result "1/2-1/2"]
[WhiteElo "2030"]
[BlackElo "2082"]
[PlyCount "57"]
[EventDate "2000.??.??"]
[EventType "swiss"]
[EventRounds "9"]
[EventCountry "ROU"]
[SourceTitle "EXT 2004"]
[Source "ChessBase"]
[SourceDate "2003.11.25"]
[SourceVersion "1"]
[SourceVersionDate "2003.11.25"]
[SourceQuality "1"]

1. e4 c5 2. Nc3 Nc6 3. g3 g6 4. Bg2 Bg7 5. d3 d6 6. f4 e6 7. Nf3 Nge7 8. Be3 0-0 9. Qd2 Rb8 10. 0-0 Nd4 11. Rab1 b5 12. Ne2 Nec6 13. c3 Nxe2+ 14. Qxe2 Ba6 15. f5 b4 16. fxe6 fxe6 17. Bh3 bxc3 18. bxc3 Rxb1 19. Rxb1 Bxc3 20. Bxe6+ Kg7 21. Kg2 Qe7 22. Bd5 Nb4 23. Bg5 Qe8 24. Bc4 Bxc4 25. dxc4 Kg8 26. a3 Nc6 27. Qd3 Bg7 28. Qd5+ Qf7 29. Rb7 1/2-1/2